|
|
|
|
| LEADER |
01425nam a2200397Ia 4500 |
| 001 |
EBC996946 |
| 003 |
MiAaPQ |
| 005 |
20200520144314.0 |
| 006 |
m o d | |
| 007 |
cr cn||||||||| |
| 008 |
990518s2000 caua sb 001 0 eng d |
| 010 |
|
|
|z 99006528
|
| 020 |
|
|
|z 0761912444 (acid-free paper)
|
| 020 |
|
|
|z 0761912452 (pbk. : acid-free paper)
|
| 020 |
|
|
|z 9780761912453
|
| 020 |
|
|
|z 9781452264585
|
| 035 |
|
|
|a (MiAaPQ)EBC996946
|
| 035 |
|
|
|a (Au-PeEL)EBL996946
|
| 035 |
|
|
|a (CaPaEBR)ebr10582417
|
| 035 |
|
|
|a (CaONFJC)MIL672987
|
| 035 |
|
|
|a (OCoLC)819566961
|
| 040 |
|
|
|a MiAaPQ
|c MiAaPQ
|d MiAaPQ
|
| 050 |
|
4 |
|a HF5823
|b .I59 2000
|
| 082 |
0 |
4 |
|a 659.1
|2 21
|
| 245 |
0 |
0 |
|a International advertising
|h [electronic resource] :
|b realities and myths /
|c edited by John Philip Jones.
|
| 260 |
|
|
|a Thousand Oaks, CA :
|b Sage Publications,
|c c2000.
|
| 300 |
|
|
|a 412 p. :
|b ill.
|
| 504 |
|
|
|a Includes bibliographical references and index.
|
| 533 |
|
|
|a Electronic reproduction. Ann Arbor, MI : ProQuest, 2015. Available via World Wide Web. Access may be limited to ProQuest affiliated libraries.
|
| 650 |
|
0 |
|a Advertising.
|
| 650 |
|
0 |
|a Advertising media planning.
|
| 650 |
|
0 |
|a Comparative advertising.
|
| 655 |
|
4 |
|a Electronic books.
|
| 700 |
1 |
|
|a Jones, John Philip.
|
| 710 |
2 |
|
|a ProQuest (Firm)
|
| 856 |
4 |
0 |
|u https://ebookcentral.proquest.com/lib/matrademy/detail.action?docID=996946
|z Click to View
|